Filmotecas na Grande São Paulo (Record no. 141547)

MARC details
000 -LÍDER
campo de controle de tamanho fixo 00619 a2200181 4500
001 - NÚMERO DE CONTROLE
campo de controle 141547
040 ## - FONTE DA CATALOGAÇÃO
Instituição que transcreveu o registro Leonardo Da Vinci
041 ## - CÓDIGO DE IDIOMA
Código do idioma do texto/trilha sonora ou título diferente Português
082 ## - CDD - CLASSIFICAÇÃO DECIMAL DE DEWEY
Número de Classificação 791.4353 E46f
Número do exemplar E46f
100 ## - ENTRADA PRINCIPAL--NOME PESSOAL
Nome pessoal EMPLASA
-- SNM
245 ## - TÍTULO
Título Filmotecas na Grande São Paulo
Restante do título instrumentos da participação - os filmes e os acervos
260 ## - PUBLICAÇÃO, DISTRIBUIÇÃO, ETC.
Data da publicação, distribuição, etc. 1985
Local de publicação, distribuição, etc. São Paulo
300 ## - DESCRIÇÃO FÍSICA
Extensão 82
362 ## - DATAS DE PUBLICAÇÃO E/OU DESIGNAÇÃO SEQUENCIAL
Datas de publicação e/ou designação sequencial 19850000
500 ## - NOTA GERAL
Nota geral EMPLASA - Empresa Metropolitana de Planejamento da Grande São<br/>Paulo
-- SNM - Secretaria de Estado dos Negócios Metropolitanos
697 ## - ENTRADA DE ASSUNTO LOCAL--ENTIDADE COLETIVA (RLIN)
Nome corporativo ou nome da jurisdição Artes
-- Cinema
-- Catálogo de filmes
-- São Paulo
-- Filmoteca
942 ## - ELEMENTOS DE ENTRADA ADICIONADOS (KOHA)
Tipo de material Koha Livros
Holdings
Situação do descarte Situação das perdas Situação física Não pode ser emprestado Biblioteca de origem Biblioteca atual Data de aquisição Total de empréstimos Número de chamada completo Código de barras Data de último acesso Data do preço efetivo Tipo de material Koha
        Leonardo Da Vinci - Osasco Leonardo Da Vinci - Osasco 27/03/2024   791.4353 E46f O008816 27/03/2024 27/03/2024 Livros